Footballeurs passés par le FC Barcelone - Mort subite - Statistiques

Statistiques générales
  • Ce quiz a été pris 7 212 fois
  • Le résultat moyen est 14 sur 25
Answers on the Grid
Answers color-coded by a green-red scale on the quiz's grid according to % correct below.
Lionel Messi
Dani Olmo
Marcos Alonso
Pierre-Emerick Aubameyang
Luuk de Jong
Sergiño Dest
Pedri
Miralem Pjanić
Pedro
Jean-Clair Todibo
Kevin-Prince Boateng
Arturo Vidal
Clément Lenglet
Ousmane Dembélé
Jérémy Mathieu
Ivan Rakitić
Samuel Eto'o
Andrés Iniesta
Patrick Kluivert
Boudewijn Zenden
Ronaldo
Abelardo
Romário
Juan Carlos
Ricardo Serna
Marco van Basten
Lothar Matthäus
Dennis Bergkamp
Gabriel Batistuta
Lev Yachine
Paolo Maldini
Miroslav Klose
Hugo Sánchez
Daniele De Rossi
Nemanja Vidić
Paul Pogba
Youri Djorkaeff
Shunsuke Nakamura
Mark Noble
Mathys Tel
 
Statistiques - réponses
Réponse % Correct
Lionel Messi
78%
Pedri
78%
Andrés Iniesta
77%
Dani Olmo
76%
Ousmane Dembélé
76%
Samuel Eto'o
76%
Ivan Rakitić
74%
Clément Lenglet
71%
Arturo Vidal
70%
Pierre-Emerick Aubameyang
67%
Luuk de Jong
65%
Pedro
65%
Jérémy Mathieu
64%
Miralem Pjanić
61%
Sergiño Dest
61%
Patrick Kluivert
53%
Ronaldo
53%
Marcos Alonso
50%
Jean-Clair Todibo
49%
Kevin-Prince Boateng
44%
Romário
41%
Juan Carlos
11%
Abelardo
10%
Boudewijn Zenden
9%
Ricardo Serna
9%
Aucun quiz correspondant
Distribution des résultats
% des personnes avec chaque résultat
Percentile par nombre de réponses
Votre historique - résultats
Vous n’avez pas pris ce quiz